[Event "ICC tourney 1897 (3 2)"]
[Site "Internet Chess Club"]
[Date "2020.07.03"]
[Round "12"]
[White "premierchess"]
[Black "davika21"]
[Result "1-0"]
[WhiteElo "1728"]
[BlackElo "1737"]
[PlyCount "117"]
[EventDate "2020.??.??"]

1. e4 e5 2. Nf3 Nc6 3. Bb5 a6 4. Ba4 Nf6 5. O-O d6 6. Re1 b5 7. Bb3 Be7 8. c3
O-O 9. h3 Na5 10. Bc2 c5 11. d4 Qc7 12. Be3 Bd7 13. Nbd2 cxd4 14. cxd4 Nc6 15.
Rc1 Qb7 16. Bb3 a5 17. Bd5 Nxd5 18. exd5 Nb4 19. Qb3 Qxd5 20. Qxd5 Nxd5 21.
dxe5 dxe5 22. Nxe5 Be6 23. Nc6 Bf6 24. Bd4 Nb4 25. Bxf6 gxf6 26. Nxb4 axb4 27.
Re4 Rfd8 28. Nf1 Rxa2 29. Rxb4 Bc4 30. Ne3 Rd2 31. b3 Bd3 32. Rf4 Rab2 33. b4
Bg6 34. Rc5 Rb1+ 35. Kh2 Rbb2 36. Kg3 Bd3 37. Rc6 f5 38. Rc5 Be4 39. Nxf5 Bxf5
40. Rcxf5 Rb3+ 41. Rf3 Rxf3+ 42. Kxf3 Rb2 43. Rxb5 Kg7 44. Kg3 Rb3+ 45. f3 f6
46. h4 Kf7 47. Kf4 Rb2 48. g4 Rh2 49. Rb7+ Kg6 50. h5+ Kh6 51. Rf7 Rb2 52.
Rxf6+ Kg7 53. Rb6 Rb3 54. g5 Kf7 55. Rb7+ Kg8 56. h6 Rc3 57. Kg4 Rc4+ 58. f4
Rc1 59. Kf5 1-0

[Event "ICC tourney 1897 (3 2)"]
[Site "Internet Chess Club"]
[Date "2020.07.03"]
[Round "11"]
[White "davika21"]
[Black "tsohal"]
[Result "1/2-1/2"]
[WhiteElo "1762"]
[BlackElo "1880"]
[PlyCount "85"]
[EventDate "2020.??.??"]

1. e4 c5 2. c3 d5 3. exd5 Qxd5 4. d4 Nf6 5. Nf3 e6 6. Be2 Nc6 7. O-O cxd4 8.
cxd4 Be7 9. Nc3 Qd6 10. Be3 O-O 11. h3 b6 12. Qb3 Bb7 13. Rfd1 Rac8 14. d5 Na5
15. Qc2 Nxd5 16. Qd3 Qb8 17. Nxd5 Bxd5 18. Bg5 f6 19. Bh4 Nc4 20. Bg3 Qb7 21.
Rab1 Rfd8 22. Nd4 Ne5 23. Qe3 Bxa2 24. Ra1 Bd5 25. Ba6 Qc7 26. Bxc8 Rxc8 27.
Rac1 Qd8 28. Rxc8 Qxc8 29. Bxe5 fxe5 30. Qxe5 Bf6 31. Qg3 h6 32. Qe3 Qc4 33.
Nf3 Bxb2 34. Ne5 Qc7 35. Nd3 Bf6 36. Nf4 Bg5 37. Rxd5 exd5 38. Qe8+ Kh7 39.
Qg6+ Kg8 40. Qe8+ Kh7 41. Qg6+ Kg8 42. Qe8+ Kh7 43. Qg6+ 1/2-1/2

[Event "ICC tourney 1897 (3 2)"]
[Site "Internet Chess Club"]
[Date "2020.07.03"]
[Round "10"]
[White "cloak1"]
[Black "davika21"]
[Result "0-1"]
[WhiteElo "1888"]
[BlackElo "1756"]
[PlyCount "164"]
[EventDate "2020.??.??"]

1. e4 e5 2. Nf3 Nc6 3. d4 exd4 4. Bc4 Nf6 5. O-O Nxe4 6. Nc3 dxc3 7. Bxf7+ Kxf7
8. Qd5+ Ke8 9. Re1 d6 10. Rxe4+ Ne5 11. Bg5 Be7 12. Bxe7 Qxe7 13. Nxe5 cxb2 14.
Rae1 Be6 15. Qb5+ c6 16. Nxc6 bxc6 17. Qxc6+ Kf7 18. Rxe6 Qxe6 19. Qb7+ Kf6 20.
Rxe6+ Kxe6 21. Qxb2 Rab8 22. Qa1 Rhc8 23. g3 Rb7 24. Qd1 Rbc7 25. Qe2+ Kf7 26.
Qd3 Rxc2 27. Qxd6 R8c7 28. Qd3 R2c6 29. Qxh7 Rh6 30. Qf5+ Rf6 31. Qd5+ Re6 32.
Kg2 Ke7 33. h4 Rd7 34. Qc5+ Kf7 35. a4 Red6 36. Qf5+ Ke7 37. h5 Rf6 38. Qg5 Kf7
39. g4 Rdd6 40. f4 a6 41. f5 Rd4 42. Qe3 Rxg4+ 43. Kf3 Rh4 44. Kg3 Rb4 45. Qc3
Rbb6 46. Qc4+ Kf8 47. Qd5 Rbd6 48. Qc5 Kf7 49. Kg4 Rc6 50. Qd5+ Ke7 51. Kg5
Rcd6 52. Qc5 Kf7 53. Qc4+ Ke7 54. Qg8 Rf7 55. Qa8 Rff6 56. Qa7+ Kf8 57. Qc7 Rc6
58. Qd7 Rcd6 59. Qa7 Rc6 60. a5 Rcd6 61. Qb7 Rc6 62. Kf4 Kg8 63. Kg5 Kh7 64.
Qe7 Rcd6 65. Qe5 Rd1 66. Qc5 Rd7 67. Qe5 Rdf7 68. Kg4 Rb7 69. Qe4 Rb5 70. Qe8
Rxa5 71. Qe4 Rb5 72. Qa4 Rbxf5 73. Qa2 a5 74. Qa3 Rf4+ 75. Kg3 Rf3+ 76. Qxf3
Rxf3+ 77. Kxf3 Kh6 78. Ke3 Kxh5 79. Kd3 g5 80. Kc3 g4 81. Kb3 g3 82. Ka4 g2 0-1

[Event "ICC tourney 1897 (3 2)"]
[Site "Internet Chess Club"]
[Date "2020.07.03"]
[Round "9"]
[White "davika21"]
[Black "MasterZachary"]
[Result "0-1"]
[WhiteElo "1703"]
[BlackElo "2241"]
[PlyCount "54"]
[EventDate "2020.??.??"]

1. e4 e5 2. Nf3 Nc6 3. Bb5 a6 4. Bxc6 dxc6 5. O-O Qd6 6. d4 exd4 7. Qxd4 Bg4 8.
e5 Qxd4 9. Nxd4 O-O-O 10. Be3 Ne7 11. h3 Bh5 12. f4 Nd5 13. Kf2 Nxf4 14. Nxc6
Nxh3+ 15. gxh3 bxc6 16. Nc3 Be7 17. Ne2 Bh4+ 18. Ng3 Rhe8 19. Bf4 g5 20. Bxg5
Bxg5 21. Nxh5 Rxe5 22. Kg3 Rg8 23. Kf3 Re3+ 24. Kg4 Bh6+ 25. Kf5 Rg5+ 26. Kf6
Rxh5 27. Kxf7 Rhxh3 0-1

[Event "ICC tourney 1897 (3 2)"]
[Site "Internet Chess Club"]
[Date "2020.07.03"]
[Round "8"]
[White "espark"]
[Black "davika21"]
[Result "1-0"]
[WhiteElo "1771"]
[BlackElo "1689"]
[PlyCount "67"]
[EventDate "2020.??.??"]

1. e4 e5 2. Nf3 Nc6 3. Bb5 a6 4. Ba4 Nf6 5. O-O d6 6. Re1 b5 7. Bb3 Be7 8. c3
O-O 9. d4 Bg4 10. Be3 exd4 11. cxd4 Na5 12. Bc2 c5 13. Nbd2 Qc7 14. h3 Bh5 15.
d5 Nd7 16. g4 Bg6 17. b3 Bf6 18. Rb1 c4 19. Nh2 c3 20. Ndf1 Rfe8 21. Ng3 b4 22.
f4 h6 23. Nf3 Nc5 24. f5 Bh7 25. h4 Be5 26. Nxe5 Rxe5 27. Bd4 Ree8 28. Nh5 f6
29. Nf4 Nd7 30. Ne6 Qc8 31. g5 hxg5 32. hxg5 fxg5 33. Nxg5 Qd8 34. Qh5 1-0

[Event "ICC tourney 1897 (3 2)"]
[Site "Internet Chess Club"]
[Date "2020.07.03"]
[Round "7"]
[White "davika21"]
[Black "helavir"]
[Result "0-1"]
[WhiteElo "1722"]
[BlackElo "2112"]
[PlyCount "68"]
[EventDate "2020.??.??"]

1. e4 c6 2. d4 d5 3. Nc3 dxe4 4. Nxe4 Bf5 5. Ng3 Bg6 6. h4 h6 7. h5 Bh7 8. Nf3
e6 9. Bd3 Bxd3 10. Qxd3 Nf6 11. Bd2 c5 12. O-O-O Nc6 13. Be3 Qa5 14. Qb3 O-O-O
15. dxc5 Bxc5 16. Bxc5 Qxc5 17. Qe3 Qa5 18. a3 Rxd1+ 19. Rxd1 Rd8 20. Qe1 Rxd1+
21. Qxd1 Nxh5 22. Nd2 Nxg3 23. fxg3 Qg5 24. Qf3 f5 25. Qc3 Kb8 26. Qd3 a6 27.
Qd6+ Ka7 28. Qc5+ Ka8 29. Qf8+ Nb8 30. Qd6 Qe3 31. b3 Nc6 32. Qf8+ Ka7 33. Qxg7
Qe1+ 34. Kb2 Qxd2 0-1

[Event "ICC tourney 1897 (3 2)"]
[Site "Internet Chess Club"]
[Date "2020.07.03"]
[Round "6"]
[White "dopolian"]
[Black "davika21"]
[Result "0-1"]
[WhiteElo "1893"]
[BlackElo "1724"]
[PlyCount "86"]
[EventDate "2020.??.??"]

1. Nf3 d5 2. c4 e6 3. b3 Nf6 4. Bb2 Be7 5. g3 O-O 6. Bg2 b6 7. O-O Bb7 8. d3 c5
9. Nbd2 Nc6 10. a3 Rc8 11. Qc2 d4 12. Ng5 h6 13. Nge4 Nd7 14. f4 f5 15. Nf2 e5
16. fxe5 Ndxe5 17. Rae1 Bg5 18. Nf3 Nxf3+ 19. Bxf3 Be3 20. Bc1 f4 21. Bxe3 dxe3
22. Nh3 fxg3 23. Bd5+ Kh8 24. Rxf8+ Qxf8 25. hxg3 Nd4 26. Qc1 Bxd5 27. cxd5 Qd6
28. Kg2 Qxd5+ 29. Kh2 Re8 30. Nf4 Qxb3 31. Rf1 Qc2 32. Qe1 Qd2 33. Qxd2 exd2
34. e4 b5 35. Rd1 c4 36. Nd5 Rc8 37. Kg2 c3 38. Nxc3 Rxc3 39. Rxd2 Rc2 40. Rxc2
Nxc2 41. Kf3 Nxa3 42. d4 b4 43. d5 Kg8 0-1

[Event "ICC tourney 1897 (3 2)"]
[Site "Internet Chess Club"]
[Date "2020.07.03"]
[Round "4"]
[White "Venegas"]
[Black "davika21"]
[Result "1/2-1/2"]
[WhiteElo "1548"]
[BlackElo "1561"]
[PlyCount "101"]
[EventDate "2020.??.??"]

1. Nf3 d5 2. c4 e6 3. g3 Nf6 4. Bg2 Be7 5. O-O O-O 6. cxd5 exd5 7. d3 c5 8. Nc3
Nc6 9. Bd2 b6 10. Rc1 Bb7 11. a3 Rc8 12. Qa4 d4 13. Nb1 Re8 14. Rfe1 Nd5 15. h4
h6 16. Rcd1 a6 17. Bc1 b5 18. Qc2 Bf6 19. Nbd2 Ne5 20. Ne4 Qe7 21. Nxe5 Bxe5
22. Nd2 Qc7 23. Nf3 Nf6 24. Nxe5 Bxg2 25. Kxg2 Qxe5 26. Bf4 Qd5+ 27. Kg1 Ng4
28. Qd2 Ne5 29. Bxe5 Qxe5 30. Rc1 Qd5 31. Rc2 c4 32. Rd1 c3 33. bxc3 dxc3 34.
Rxc3 Rxc3 35. Qxc3 Rxe2 36. d4 Qf5 37. Rf1 Rc2 38. Qe3 Rc4 39. Rd1 Qd5 40. Qe8+
Kh7 41. Qe3 g6 42. Rd3 Kg7 43. Qe5+ Qxe5 44. dxe5 Re4 45. Rd6 Rxe5 46. Rxa6 h5
47. Kg2 Rc5 48. Ra5 Rc3 49. a4 bxa4 50. Rxa4 Rb3 51. Rf4 1/2-1/2

[Event "ICC tourney 1897 (3 2)"]
[Site "Internet Chess Club"]
[Date "2020.07.03"]
[Round "14"]
[White "investigator"]
[Black "ganzy"]
[Result "1-0"]
[WhiteElo "1572"]
[BlackElo "1369"]
[PlyCount "65"]
[EventDate "2020.??.??"]

1. c4 Nf6 2. Nc3 g6 3. g3 Bg7 4. Bg2 O-O 5. e4 Nc6 6. Nge2 e5 7. O-O Nd4 8.
Nxd4 exd4 9. Ne2 c5 10. d3 d6 11. h3 Nd7 12. f4 a6 13. a4 Rb8 14. b3 b5 15.
axb5 axb5 16. g4 f5 17. exf5 gxf5 18. g5 Re8 19. Ng3 bxc4 20. bxc4 Nf8 21. h4
Bb7 22. Nxf5 Bxg2 23. Kxg2 d5 24. Ra7 Ne6 25. Re1 Ra8 26. Rb7 Ra2+ 27. Kg3 dxc4
28. Rxe6 Rxe6 29. Rxg7+ Kh8 30. Qh5 h6 31. Rh7+ Kxh7 32. Qf7+ Kh8 33. Qg7# 1-0

[Event "ICC tourney 1897 (3 2)"]
[Site "Internet Chess Club"]
[Date "2020.07.03"]
[Round "13"]
[White "destroyingeagle"]
[Black "ganzy"]
[Result "1-0"]
[WhiteElo "1414"]
[BlackElo "1384"]
[PlyCount "99"]
[EventDate "2020.??.??"]

1. Nf3 Nf6 2. g3 g6 3. Bg2 Bg7 4. O-O O-O 5. d3 d6 6. e4 e5 7. c3 Nc6 8. b4 a5
9. b5 Ne7 10. a4 c6 11. c4 Ne8 12. Qb3 Nc7 13. Nc3 Ne6 14. Ba3 Nd4 15. Nxd4
exd4 16. Ne2 c5 17. f4 Bg4 18. Qc2 b6 19. h3 Bxe2 20. Qxe2 Re8 21. Qf2 Ra7 22.
Bc1 f5 23. Bd2 Kh8 24. Rae1 Qc8 25. Kh2 Ng8 26. Re2 Rae7 27. Rfe1 Nf6 28. e5
dxe5 29. fxe5 Nd7 30. e6 Nf8 31. Bc6 Rd8 32. Bg5 Qc7 33. Bxe7 Qxe7 34. Bd5 Bh6
35. g4 fxg4 36. hxg4 Re8 37. Qg3 Bg5 38. Qe5+ Bf6 39. Qf4 Bg5 40. Qf7 Qd6+ 41.
Kg2 Rc8 42. Qf3 Re8 43. Qg3 Bf4 44. Qf3 h6 45. Re4 g5 46. Rh1 Kg7 47. Qh3 Ng6
48. Qxh6+ Kf6 49. Qh7 Rh8 50. Qf7# 1-0

[Event "ICC tourney 1897 (3 2)"]
[Site "Internet Chess Club"]
[Date "2020.07.03"]
[Round "11"]
[White "bpovo1394"]
[Black "ganzy"]
[Result "1-0"]
[WhiteElo "1002"]
[BlackElo "1394"]
[PlyCount "45"]
[EventDate "2020.??.??"]

1. e4 c5 2. Nf3 Nc6 3. Bb5 e6 4. Bxc6 bxc6 5. b3 Nf6 6. Nc3 Qc7 7. O-O e5 8.
Bb2 Bd6 9. d3 O-O 10. Qd2 Re8 11. Nd1 Bf8 12. Ne3 d5 13. exd5 cxd5 14. Rfe1 Bb7
15. Nf1 Bd6 16. Ng3 Rad8 17. Re2 e4 18. Bxf6 gxf6 19. Nh4 Bf4 20. Qc3 Be5 21.
Qd2 Bxa1 22. Nhf5 exd3 23. Qh6 1-0

[Event "ICC tourney 1897 (3 2)"]
[Site "Internet Chess Club"]
[Date "2020.07.03"]
[Round "9"]
[White "Taechess"]
[Black "ganzy"]
[Result "1-0"]
[WhiteElo "1723"]
[BlackElo "1408"]
[PlyCount "41"]
[EventDate "2020.??.??"]

1. e4 c5 2. Nf3 Nc6 3. Bb5 e6 4. d4 cxd4 5. Nxd4 Qa5+ 6. Nc3 Bb4 7. Nxc6 bxc6
8. Bd3 Bxc3+ 9. bxc3 Qxc3+ 10. Bd2 Qf6 11. O-O Ne7 12. Qe1 O-O 13. Bc3 Qg5 14.
f4 Qc5+ 15. Kh1 Rb8 16. Rf3 d5 17. exd5 cxd5 18. Qe5 f6 19. Qxb8 Qxc3 20. Bxh7+
Kxh7 21. Rxc3 1-0

[Event "ICC tourney 1897 (3 2)"]
[Site "Internet Chess Club"]
[Date "2020.07.03"]
[Round "8"]
[White "ganzy"]
[Black "MrNormalName"]
[Result "0-1"]
[WhiteElo "1418"]
[BlackElo "1757"]
[PlyCount "70"]
[EventDate "2020.??.??"]

1. e4 e5 2. Nf3 Nc6 3. Nc3 Nf6 4. Bb5 Bb4 5. O-O O-O 6. d3 d6 7. Bxc6 bxc6 8.
Ne2 Re8 9. Ng3 d5 10. c3 Bd6 11. Qa4 Bd7 12. Bg5 h6 13. Bxf6 Qxf6 14. exd5 Bc5
15. Ne4 Qe7 16. dxc6 Bg4 17. Nxc5 Bxf3 18. Na6 Qg5 19. g3 Qf5 20. Qh4 Bxc6 21.
f3 Rac8 22. Nb4 Bxf3 23. Rae1 Qg4 24. Qxg4 Bxg4 25. Nc6 f6 26. Nxa7 Ra8 27. Nb5
Rxa2 28. Nxc7 Rc8 29. Nd5 Rd8 30. Ne3 Bh3 31. Rf2 Rxd3 32. g4 Rxe3 33. Rd1 Bxg4
34. Rd8+ Kh7 35. Kg2 Bh3+ 0-1

[Event "ICC tourney 1897 (3 2)"]
[Site "Internet Chess Club"]
[Date "2020.07.03"]
[Round "5"]
[White "ganzy"]
[Black "ickyquarter"]
[Result "1-0"]
[WhiteElo "1405"]
[BlackElo "1629"]
[PlyCount "41"]
[EventDate "2020.??.??"]

1. e4 c5 2. Nf3 d6 3. d4 cxd4 4. Nxd4 Nf6 5. Nc3 g6 6. Be3 Bg7 7. f3 O-O 8. Bc4
Nc6 9. Qd2 Bd7 10. O-O-O Rc8 11. Bb3 Ne5 12. h4 h5 13. Bg5 Rc5 14. g4 hxg4 15.
Bxf6 Bxf6 16. h5 Nc6 17. Nxc6 bxc6 18. hxg6 Bg5 19. f4 Bf6 20. Qh2 Bg7 21. Qh7#
1-0

[Event "ICC tourney 1897 (3 2)"]
[Site "Internet Chess Club"]
[Date "2020.07.03"]
[Round "4"]
[White "pyaru536"]
[Black "ganzy"]
[Result "1-0"]
[WhiteElo "1223"]
[BlackElo "1300"]
[PlyCount "141"]
[EventDate "2020.??.??"]

1. d4 Nf6 2. c4 g6 3. g3 Bg7 4. Bg2 O-O 5. Nc3 d6 6. Nf3 Nc6 7. O-O e5 8. dxe5
dxe5 9. Bg5 Be6 10. Qc1 Bxc4 11. Rd1 Qe7 12. Ne4 Bxe2 13. Bxf6 Bxf6 14. Rd7 Qe6
15. Rxc7 Rac8 16. Rxc8 Rxc8 17. Qh6 Bg7 18. Qh4 h6 19. Re1 Bxf3 20. Bxf3 Nd4
21. Bg2 f5 22. Nc3 e4 23. Qf4 Kh7 24. h4 Nc2 25. Rc1 Bxc3 26. Rxc2 Be5 27. Qc1
Rxc2 28. Qxc2 Qxa2 29. h5 Qxb2 30. hxg6+ Kxg6 31. Qc8 a5 32. Bh3 Qb1+ 33. Kh2
e3 34. Qe6+ Bf6 35. Qg8+ Bg7 36. Qe6+ Bf6 37. Qe8+ Kg7 38. Qd7+ Kg6 39. Qe8+
Kh7 40. Qf7+ Kh8 41. Qxf6+ Kg8 42. Qg6+ Kh8 43. Qxh6+ Kg8 44. Qg6+ Kf8 45. Qd6+
Kf7 46. Qd5+ Kg6 47. fxe3 Qc2+ 48. Qg2 Qxg2+ 49. Bxg2 b5 50. Kg1 b4 51. Bc6 b3
52. Ba4 b2 53. Bc2 a4 54. Bb1 Kg5 55. Kf2 Kg4 56. Kg2 a3 57. Kf2 Kg5 58. Kf3
Kf6 59. Kf4 Kf7 60. e4 fxe4 61. Kxe4 Kg6 62. Kf4+ Kf6 63. g4 Kg7 64. g5 Kf7 65.
Kf5 Kg7 66. g6 Kg8 67. Kf6 Kf8 68. g7+ Kg8 69. Ba2+ Kh7 70. g8=Q+ Kh6 71. Qg6#
1-0

[Event "ICC tourney 1897 (3 2)"]
[Site "Internet Chess Club"]
[Date "2020.07.03"]
[Round "10"]
[White "Filiron"]
[Black "PushU2Blunders"]
[Result "0-1"]
[WhiteElo "2452"]
[BlackElo "1926"]
[PlyCount "68"]
[EventDate "2020.??.??"]

1. Nf3 Nf6 2. b3 g6 3. Bb2 Bg7 4. g3 O-O 5. Bg2 d5 6. c4 b6 7. cxd5 Nxd5 8.
Bxg7 Kxg7 9. O-O Bb7 10. d4 Nf6 11. Nc3 c5 12. dxc5 bxc5 13. Rc1 Nbd7 14. Na4
Rc8 15. Qd2 Qc7 16. Rfd1 Rfd8 17. Qb2 Kg8 18. Bh3 Ne4 19. Nc3 Nef6 20. Rd2 Bxf3
21. exf3 Ne5 22. Rxd8+ Rxd8 23. Qe2 Rd2 24. Qe3 Rd3 25. Nb5 Rxe3 26. Nxc7 Re2
27. Rxc5 Nxf3+ 28. Kg2 Nd2 29. Rc2 Nfe4 30. Nd5 Kg7 31. Bc8 Rxf2+ 32. Kh1 Ng5
33. Kg1 Re2 34. Bg4 Ndf3+ 0-1

[Event "ICC tourney 1897 (3 2)"]
[Site "Internet Chess Club"]
[Date "2020.07.03"]
[Round "9"]
[White "fishmaster"]
[Black "Filiron"]
[Result "1/2-1/2"]
[WhiteElo "2099"]
[BlackElo "2477"]
[PlyCount "114"]
[EventDate "2020.??.??"]

1. Nf3 d5 2. c4 e6 3. b3 Nf6 4. g3 d4 5. Bg2 c5 6. O-O Nc6 7. e3 e5 8. exd4
exd4 9. d3 Be7 10. Bf4 O-O 11. Ne5 Nxe5 12. Bxe5 Ng4 13. Bf4 Bd6 14. Bxd6 Qxd6
15. Nd2 Rb8 16. Ne4 Qc7 17. h3 Ne5 18. f4 Nd7 19. Kh2 h6 20. Qh5 b6 21. Rfe1
Bb7 22. Re2 f5 23. Nd2 Bxg2 24. Kxg2 Qc6+ 25. Qf3 Qxf3+ 26. Nxf3 Rfe8 27. Rae1
Rxe2+ 28. Rxe2 Kf7 29. Ne5+ Nxe5 30. Rxe5 Kf6 31. Kf3 h5 32. a3 Rb7 33. b4 g5
34. bxc5 bxc5 35. Rxc5 g4+ 36. hxg4 hxg4+ 37. Ke2 Rb2+ 38. Kd1 Rg2 39. Rc6+ Ke7
40. Rc5 Rxg3 41. Rxf5 Rxd3+ 42. Ke2 Rxa3 43. Rd5 d3+ 44. Ke3 g3 45. Rg5 g2 46.
Rxg2 d2+ 47. Ke2 d1=Q+ 48. Kxd1 Ra1+ 49. Ke2 Ra2+ 50. Kf3 Rxg2 51. Kxg2 a5 52.
f5 a4 53. c5 a3 54. c6 a2 55. f6+ Kxf6 56. c7 a1=Q 57. c8=Q Qb2+ 1/2-1/2

[Event "ICC tourney 1897 (3 2)"]
[Site "Internet Chess Club"]
[Date "2020.07.03"]
[Round "8"]
[White "Filiron"]
[Black "Wizard98"]
[Result "0-1"]
[WhiteElo "2490"]
[BlackElo "1796"]
[PlyCount "72"]
[EventDate "2020.??.??"]

1. d4 f5 2. Bg5 h6 3. Bh4 g5 4. e3 Nf6 5. Bg3 Bg7 6. Nc3 d6 7. h4 g4 8. Nge2
Nh5 9. Qd2 c6 10. O-O-O Qa5 11. Bh2 Nd7 12. Kb1 Ndf6 13. Nc1 Be6 14. Nb3 Qd8
15. Bd3 a5 16. a3 a4 17. Nc1 Qa5 18. Rhe1 O-O 19. Bf4 b5 20. N3e2 Qb6 21. Ng3
Nxg3 22. fxg3 Ne4 23. Bxe4 fxe4 24. Qe2 b4 25. axb4 Qxb4 26. Qd2 Qb6 27. Qc3
Rfb8 28. Ka1 c5 29. Na2 Qb7 30. Qa3 Bb3 31. dxc5 Bxa2 32. Qxa2+ Kh8 33. c3 a3
34. b3 Bxc3+ 35. Kb1 Bxe1 36. Kc2 Qb4 0-1

[Event "ICC tourney 1897 (3 2)"]
[Site "Internet Chess Club"]
[Date "2020.07.03"]
[Round "7"]
[White "fishbein"]
[Black "Filiron"]
[Result "1/2-1/2"]
[WhiteElo "2521"]
[BlackElo "2502"]
[PlyCount "59"]
[EventDate "2020.??.??"]

1. e4 c6 2. d4 d5 3. Nc3 dxe4 4. Nxe4 Nf6 5. Qd3 Nbd7 6. Nf3 Nxe4 7. Qxe4 Nf6
8. Qh4 Bf5 9. c3 e6 10. Bc4 Be7 11. Bg5 h6 12. O-O O-O 13. Bxf6 Bxf6 14. Qf4
Qb8 15. Qxb8 Raxb8 16. Rfe1 Rfd8 17. Rad1 Kf8 18. h3 a5 19. Bd3 Bxd3 20. Rxd3
c5 21. Red1 c4 22. Re3 b5 23. Ne5 Rbc8 24. a3 Rd5 25. f4 Be7 26. Rf1 Bf6 27.
Ng4 Be7 28. Ne5 Bf6 29. Ng4 Be7 30. Ne5 1/2-1/2

[Event "ICC tourney 1897 (3 2)"]
[Site "Internet Chess Club"]
[Date "2020.07.03"]
[Round "6"]
[White "Filiron"]
[Black "espark"]
[Result "1-0"]
[WhiteElo "2501"]
[BlackElo "1721"]
[PlyCount "41"]
[EventDate "2020.??.??"]

1. Nf3 d5 2. b3 Nf6 3. Bb2 e6 4. e3 Be7 5. c4 O-O 6. Nc3 c5 7. cxd5 exd5 8. d4
Nc6 9. Be2 Be6 10. O-O h6 11. Rc1 b6 12. Re1 Re8 13. Bb5 Rc8 14. Ne5 Bd7 15.
Nxd7 Qxd7 16. dxc5 Bxc5 17. Na4 Bb4 18. Re2 Ne4 19. Rec2 Re6 20. Qg4 Nc5 21.
Qxg7# 1-0

[Event "ICC tourney 1897 (3 2)"]
[Site "Internet Chess Club"]
[Date "2020.07.03"]
[Round "5"]
[White "Aleksandrov73"]
[Black "Filiron"]
[Result "1-0"]
[WhiteElo "1990"]
[BlackElo "2501"]
[PlyCount "93"]
[EventDate "2020.??.??"]

1. d4 Nf6 2. c4 e6 3. Nc3 Bb4 4. e3 O-O 5. Bd3 Re8 6. Nge2 d5 7. O-O Nbd7 8. a3
Bf8 9. Ng3 c6 10. Qc2 g6 11. b3 Bg7 12. Bb2 b6 13. Rad1 Bb7 14. e4 e5 15. exd5
cxd5 16. Nxd5 Nxd5 17. cxd5 Rc8 18. Qb1 exd4 19. Bc4 Ne5 20. Bxd4 Nxc4 21. bxc4
Rxc4 22. Bxg7 Kxg7 23. d6 Rc6 24. Qd3 Re6 25. d7 Rc7 26. Qd4+ Kg8 27. h4 Re7
28. Qf6 Rcxd7 29. Rxd7 Qxd7 30. h5 Qc6 31. Qxc6 Bxc6 32. Rc1 Re6 33. f3 Kg7 34.
Kf2 Kf6 35. Ne2 Rd6 36. hxg6 hxg6 37. Ke3 Ba4 38. Nd4 b5 39. Rc7 a6 40. f4 Rb6
41. Nc6 Ke6 42. Nd4+ Kf6 43. Nc6 Bb3 44. Kd4 Be6 45. Kc5 b4 46. Kxb6 b3 47. Kc5
1-0

[Event "ICC tourney 1897 (3 2)"]
[Site "Internet Chess Club"]
[Date "2020.07.03"]
[Round "2"]
[White "Filiron"]
[Black "MrNormalName"]
[Result "1-0"]
[WhiteElo "2470"]
[BlackElo "1757"]
[PlyCount "47"]
[EventDate "2020.??.??"]

1. Nf3 d5 2. b3 Nf6 3. Bb2 e6 4. e3 c5 5. c4 Nc6 6. cxd5 exd5 7. Bb5 Bd6 8. O-O
O-O 9. Nc3 Bg4 10. h3 Bh5 11. Be2 Re8 12. d4 Rc8 13. Re1 a6 14. Rc1 cxd4 15.
Nxd4 Bxe2 16. Ncxe2 Bb8 17. Nf5 Qd7 18. Neg3 Ne5 19. Rxc8 Rxc8 20. f4 Nc6 21.
Bxf6 gxf6 22. Qg4+ Kf8 23. Qg7+ Ke8 24. Qg8# 1-0

[Event "ICC tourney 1897 (3 2)"]
[Site "Internet Chess Club"]
[Date "2020.07.03"]
[Round "15"]
[White "avocuddle"]
[Black "Elieman"]
[Result "0-1"]
[WhiteElo "1417"]
[BlackElo "1630"]
[PlyCount "76"]
[EventDate "2020.??.??"]

1. d4 d5 2. c4 e6 3. Nc3 Bb4 4. Nf3 Nf6 5. Bg5 h6 6. Bxf6 Qxf6 7. e3 O-O 8. Bd3
dxc4 9. Bxc4 c5 10. a3 Ba5 11. O-O Nc6 12. Ne4 Qg6 13. Bd3 cxd4 14. Ng3 Qf6 15.
Nxd4 Nxd4 16. exd4 Rd8 17. Ne2 b6 18. b4 Bb7 19. bxa5 Qg5 20. Ng3 Qd5 21. Be4
Qd7 22. Bxb7 Qxb7 23. Qg4 Rd5 24. Rfd1 Rad8 25. axb6 Qxb6 26. Rab1 Qa6 27. Nh5
Rg5 28. Qf3 Rdd5 29. Ng3 f5 30. Qe2 Qc6 31. Rbc1 Qd6 32. Qc4 h5 33. Qc6 Qe7 34.
Ne2 Rd6 35. Qc4 Kh7 36. Nf4 Rg4 37. Ne2 Qb7 38. g3 h4 0-1

[Event "ICC tourney 1897 (3 2)"]
[Site "Internet Chess Club"]
[Date "2020.07.03"]
[Round "13"]
[White "avocuddle"]
[Black "bpovo1394"]
[Result "0-1"]
[WhiteElo "1382"]
[BlackElo "1020"]
[PlyCount "108"]
[EventDate "2020.??.??"]

1. d4 d5 2. c4 c6 3. Nf3 Nf6 4. Nc3 dxc4 5. a4 Bf5 6. Ne5 Nbd7 7. Nxc4 Nb6 8.
e3 e6 9. a5 Nxc4 10. Bxc4 Be7 11. O-O O-O 12. f3 Bg6 13. e4 Qd7 14. Be3 Rfd8
15. Qe2 Rac8 16. Rfd1 h6 17. d5 cxd5 18. Bxa7 Rxc4 19. Bb6 Rdc8 20. exd5 Nxd5
21. Ne4 Qc6 22. b3 Rc2 23. Rd2 Nf4 24. Qe3 Rc1+ 25. Rd1 Rxa1 26. Rxa1 Nd5 27.
Qd2 Nxb6 28. axb6 Bxe4 29. fxe4 Qxb6+ 30. Kh1 Qxb3 31. h3 Qc3 32. Qxc3 Rxc3 33.
Rb1 Rc7 34. Kg1 Bc5+ 35. Kf1 b6 36. Ke2 Rd7 37. Ra1 Kf8 38. Ra8+ Ke7 39. Rg8 g6
40. g4 Rd4 41. Kf3 Rd3+ 42. Kg2 Re3 43. Rh8 Rxe4 44. Rxh6 b5 45. Rh8 b4 46. Rb8
Re3 47. h4 b3 48. h5 gxh5 49. gxh5 Re2+ 50. Kf3 Rf2+ 51. Kg3 b2 52. h6 Bd6+ 53.
Kxf2 Bxb8 54. h7 Be5 0-1

[Event "ICC tourney 1897 (3 2)"]
[Site "Internet Chess Club"]
[Date "2020.07.03"]
[Round "12"]
[White "rishibabu"]
[Black "avocuddle"]
[Result "1-0"]
[WhiteElo "1560"]
[BlackElo "1443"]
[PlyCount "49"]
[EventDate "2020.??.??"]

1. e4 c6 2. d4 d5 3. Nc3 dxe4 4. Nxe4 Bf5 5. Ng3 Bg6 6. Bc4 e6 7. N1e2 Bd6 8.
O-O Nf6 9. f4 Qc7 10. f5 exf5 11. Nxf5 Bxf5 12. Rxf5 Nbd7 13. h3 O-O 14. Bg5
Ne4 15. Be3 Ndf6 16. Qd3 Rae8 17. Raf1 Bh2+ 18. Kh1 Ng3+ 19. Nxg3 Bxg3 20. Rxf6
gxf6 21. Bh6 Re1 22. Rxe1 Bxe1 23. Bxf8 Kxf8 24. Qxh7 Qe7 25. Qh8# 1-0

[Event "ICC tourney 1897 (3 2)"]
[Site "Internet Chess Club"]
[Date "2020.07.03"]
[Round "10"]
[White "avocuddle"]
[Black "Venegas"]
[Result "0-1"]
[WhiteElo "1456"]
[BlackElo "1599"]
[PlyCount "44"]
[EventDate "2020.??.??"]

1. d4 c5 2. d5 d6 3. c4 b5 4. cxb5 a6 5. e4 g6 6. b6 Nf6 7. Nc3 Bg7 8. a4 Qxb6
9. a5 Qd8 10. f4 O-O 11. Nf3 e6 12. Bc4 exd5 13. Bxd5 Nxd5 14. Nxd5 Re8 15. O-O
Rxe4 16. Nb6 Ra7 17. Nxc8 Qxc8 18. Qxd6 Rd7 19. Qb6 Re2 20. Qb3 Nc6 21. Rf2 Nd4
22. Nxd4 Bxd4 0-1

[Event "ICC tourney 1897 (3 2)"]
[Site "Internet Chess Club"]
[Date "2020.07.03"]
[Round "8"]
[White "avocuddle"]
[Black "xiaoyongfu96"]
[Result "1-0"]
[WhiteElo "1412"]
[BlackElo "1606"]
[PlyCount "61"]
[EventDate "2020.??.??"]

1. d4 Nf6 2. c4 g6 3. f3 d5 4. cxd5 Nxd5 5. e4 Nb6 6. Nc3 Bg7 7. Be3 O-O 8. Qd2
e5 9. d5 Re8 10. h4 c6 11. h5 cxd5 12. exd5 Bf5 13. g4 Bd7 14. hxg6 hxg6 15.
Qh2 Kf8 16. Bc5+ Re7 17. Qh8+ Bxh8 18. Rxh8+ Kg7 19. Rxd8 Re8 20. Rxe8 Bxe8 21.
O-O-O N8d7 22. Ba3 Rc8 23. Kb1 f5 24. gxf5 gxf5 25. Nb5 Nf6 26. Nd6 Rd8 27.
Nxe8+ Nxe8 28. d6 Kf6 29. Bb5 Ke6 30. Nh3 Nxd6 31. Ng5+ 1-0

[Event "ICC tourney 1897 (3 2)"]
[Site "Internet Chess Club"]
[Date "2020.07.03"]
[Round "6"]
[White "investigator"]
[Black "avocuddle"]
[Result "0-1"]
[WhiteElo "1617"]
[BlackElo "1326"]
[PlyCount "78"]
[EventDate "2020.??.??"]

1. c4 g6 2. Nc3 Bg7 3. g3 d6 4. Bg2 e5 5. e4 Nc6 6. Nge2 Nge7 7. O-O O-O 8. d3
f5 9. Be3 Nd4 10. Qd2 c5 11. f3 Rb8 12. Bg5 Bf6 13. Nxd4 cxd4 14. Nd5 Nxd5 15.
Bh6 Ne3 16. Bxf8 Nxf1 17. Bxf1 Qxf8 18. b4 Qe7 19. h4 Bd7 20. a4 f4 21. gxf4
Bxh4 22. fxe5 Qxe5 23. f4 Qh5 24. Be2 Bg4 25. Bxg4 Qxg4+ 26. Qg2 Qxf4 27. Rf1
Qe3+ 28. Kh1 Rf8 29. Rxf8+ Kxf8 30. Qg4 Qe1+ 31. Kg2 Qd2+ 32. Kh3 Be7 33. Qc8+
Kg7 34. Qxb7 Qxd3+ 35. Kg2 Qe2+ 36. Kg3 Qe3+ 37. Kh2 Qf4+ 38. Kh3 Qe5 39. b5 d3
0-1